| 000 | 00506nam a2200181u 4500 | ||
|---|---|---|---|
| 001 | 6032720 | ||
| 003 | OSt | ||
| 005 | 20131126213002.0 | ||
| 008 | 820119s1951 esp spa | ||
| 040 |
_aDLC _cBMC _dDLC |
||
| 082 | _a864.56 | ||
| 100 | 1 |
_aRiera Clavillé, Manuel _99914 |
|
| 245 | 1 | 3 |
_aEl combate de la inteligencia _cManuel Riera Claville ; prólogo de Claudio Colomer Marques |
| 260 |
_aBarcelona _bEditorial Barna _c1951 |
||
| 300 |
_a262 p. _c21 cm |
||
| 700 | 1 |
_99915 _aColomer, Claudio |
|
| 942 |
_2ddc _cBK |
||
| 999 |
_c4498 _d4498 |
||